Arquitectura chilena: la búsqueda de un orden espacial

Spremljeno u:
Bibliografski detalji
Glavni autor: Irarrázabal Covarrubias, Raúl (Autor)
Format: Knjiga
Jezik:španjolski
Izdano: Santiago Universitaria 1978
Teme:
Oznake: Dodaj oznaku
Bez oznaka, Budi prvi tko označuje ovaj zapis!

MARC

LEADER 00000nam a2200000 a 4500
001 UCV7877
003 CL-VaPUC
008 891205e19780000CL |||||||||||||||||spa|d
082 0 4 |a 724  |b IRA  |2 21 
100 |a Irarrázabal Covarrubias, Raúl  |e author  |9 565305 
245 1 0 |a Arquitectura chilena: la búsqueda de un orden espacial 
300 |a 155 p 
942 |c BK 
945 |d 19891205 00:00:00 
260 |a Santiago  |b Universitaria  |c 1978 
650 0 |a Arquitectura   |v Historia   |9 265705 
650 0 |a Ciudades y pueblos  |9 265139 
650 0 |a Urbanización   |9 265706 
651 7 |a CHILE  |2 CL-VaPUC  |9 301981 
583 |a last modification  |c 19891205 00:00:00  |k Rodrigo Vera 
999 |c 213486  |d 213484 
952 |0 0  |1 0  |4 0  |6 724_000000000000000_IRA_1978  |7 0  |8 A  |9 195914  |a BIBARQ  |b BIBARQ  |d 2019-11-14  |i 2638959  |o 724 IRA 1978  |p 2638959  |r 2025-01-20  |w 2019-11-14  |y BK  |k ARQ 
952 |0 0  |1 0  |4 0  |6 724_000000000000000_IRA_1978  |7 0  |8 A  |9 195915  |a BIBARQ  |b BIBARQ  |d 2019-11-14  |i 3716295  |o 724 IRA 1978  |p 3716295  |r 2025-01-20  |w 2019-11-14  |y BK  |k ARQ 
952 |0 0  |1 0  |4 0  |6 724_000000000000000_IRA_1978  |7 0  |8 A  |9 195916  |a BIBARQ  |b BIBARQ  |d 2019-11-14  |i 3723887  |o 724 IRA 1978  |p 3723887  |r 2025-01-20  |w 2019-11-14  |y BK  |k ARQ